[Event "DVM U10 2023"]
[Site "Magdeburg GER"]
[Date "2023.12.27"]
[Round "2"]
[White "Goyush, Shams"]
[Black "Hausberg, Thomas"]
[Result "1/2-1/2"]
[Termination "normal"]
[Board "7.4"]
[WhiteElo "1091"]
[BlackElo "1063"]
[WhiteClock "00:20:44"]
[BlackClock "00:10:22"]
[WhiteTeam "Schachzentrum Bemerode"]
[BlackTeam "SK Weisse Dame Hamburg"]
[PlyCount "128"]
[EventCountry "GER"]
[EventRounds "7"]
[EventType "team-swiss"]
[EventDate "2023.12.27"]

1. e4 {[%clk 00:55:09]} {[%emt 00:14:04]} e5 {[%clk 00:55:05]} {[%emt
00:00:11]} 2. Nf3 {[%clk 00:55:08]} {[%emt 00:00:05]} Nc6 {[%clk 00:55:04]}
{[%emt 00:00:06]} 3. Bc4 {[%clk 00:55:07]} {[%emt 00:00:06]} Bc5 {[%clk
00:55:04]} {[%emt 00:00:06]} 4. c3 {[%clk 00:54:31]} {[%emt 00:00:40]} Nf6
{[%emt 00:00:19]} 5. d4 {[%emt 00:00:02]} exd4 {[%clk 00:54:29]} {[%emt
00:00:19]} 6. cxd4 {[%clk 00:54:09]} {[%emt 00:00:27]} Bb4+ {[%emt 00:00:11]}
7. Nc3 {[%emt 00:00:26]} O-O {[%clk 00:53:33]} {[%emt 00:00:22]} 8. Bd2 {[%clk
00:53:51]} {[%emt 00:00:24]} Re8 {[%clk 00:52:53]} {[%emt 00:00:45]} 9. Qe2
{[%clk 00:53:27]} {[%emt 00:00:28]} Qe7 {[%clk 00:52:16]} {[%emt 00:00:45]} 10.
e5 {[%clk 00:52:26]} {[%emt 00:01:04]} Ng4 {[%clk 00:50:36]} {[%emt 00:01:36]}
11. h3 {[%clk 00:51:48]} {[%emt 00:00:50]} Nh6 12. Bxh6 {[%clk 00:51:28]} gxh6
{[%clk 00:50:23]} {[%emt 00:00:05]} 13. O-O {[%clk 00:51:18]} {[%emt 00:00:17]}
Kg7 {[%clk 00:49:26]} {[%emt 00:00:08]} 14. Qe4 {[%clk 00:51:12]} {[%emt
00:01:05]} Rg8 {[%emt 00:00:27]} 15. Nh4 {[%emt 00:00:19]} Qd8 {[%clk
00:48:05]} {[%emt 00:00:41]} 16. Qf3 {[%clk 00:50:00]} {[%emt 00:01:17]} Qe8
{[%clk 00:47:18]} {[%emt 00:00:52]} 17. Qf6+ {[%clk 00:49:02]} {[%emt
00:00:42]} Kf8 {[%clk 00:46:57]} {[%emt 00:00:42]} 18. Qxh6+ {[%clk 00:48:56]}
{[%emt 00:00:15]} Ke7 {[%clk 00:45:52]} {[%emt 00:01:09]} 19. Nd5+ {[%clk
00:48:29]} {[%emt 00:00:34]} Kd8 {[%clk 00:45:23]} {[%emt 00:00:32]} 20. Qf6+
{[%clk 00:47:54]} {[%emt 00:00:39]} Be7 {[%clk 00:45:02]} {[%emt 00:00:28]} 21.
Nxe7 {[%clk 00:46:26]} {[%emt 00:01:34]} Qxe7 {[%clk 00:44:15]} {[%emt
00:00:53]} 22. Qxe7+ {[%clk 00:45:29]} {[%emt 00:01:00]} Kxe7 {[%clk 00:43:08]}
{[%emt 00:01:12]} 23. Nf5+ {[%clk 00:45:16]} {[%emt 00:00:19]} Kf8 {[%clk
00:40:11]} {[%emt 00:03:02]} 24. Rfe1 {[%clk 00:44:46]} {[%emt 00:00:34]} d5
{[%clk 00:38:52]} {[%emt 00:01:24]} 25. Nh6 {[%emt 00:00:50]} Rg6 {[%emt
00:00:27]} 26. Bxd5 {[%clk 00:41:28]} {[%emt 00:02:06]} Rxh6 {[%clk 00:38:18]}
{[%emt 00:00:40]} 27. Re3 {[%clk 00:41:17]} {[%emt 00:00:15]} Nxd4 {[%clk
00:37:31]} {[%emt 00:00:53]} 28. Rd1 {[%clk 00:40:52]} {[%emt 00:00:30]} Nf5
{[%emt 00:00:33]} 29. Rf3 {[%emt 00:00:21]} Rg6 {[%clk 00:35:21]} {[%emt
00:01:21]} 30. Be4 {[%clk 00:39:59]} {[%emt 00:00:56]} Rg5 {[%emt 00:00:32]}
31. h4 {[%emt 00:00:16]} Nxh4 {[%clk 00:34:23]} {[%emt 00:00:17]} 32. Rd8+
{[%clk 00:39:48]} {[%emt 00:00:15]} Ke7 {[%emt 00:00:26]} 33. Rfd3 {[%clk
00:39:08]} {[%emt 00:00:42]} f5 {[%clk 00:33:28]} {[%emt 00:00:42]} 34. Bxb7
{[%clk 00:35:58]} {[%emt 00:03:15]} Rb8 {[%clk 00:29:01]} {[%emt 00:04:33]} 35.
Bxc8 {[%clk 00:35:05]} {[%emt 00:00:58]} f4 {[%clk 00:27:27]} {[%emt 00:01:39]}
36. R3d7+ {[%clk 00:34:42]} {[%emt 00:00:27]} Ke6 {[%clk 00:27:13]} {[%emt
00:00:18]} 37. Rg7+ {[%clk 00:33:53]} {[%emt 00:00:55]} Rxc8 {[%clk 00:26:11]}
{[%emt 00:01:07]} 38. Rxg5 {[%clk 00:32:15]} {[%emt 00:01:43]} Rxd8 {[%clk
00:25:56]} {[%emt 00:00:21]} 39. Rh5 {[%clk 00:31:38]} {[%emt 00:00:41]} Nf5
{[%clk 00:25:20]} {[%emt 00:00:42]} 40. g4 {[%clk 00:31:19]} {[%emt 00:00:23]}
fxg3 {[%clk 00:24:48]} {[%emt 00:00:37]} 41. fxg3 {[%clk 00:30:52]} {[%emt
00:00:33]} Nxg3 {[%clk 00:24:25]} {[%emt 00:00:28]} 42. Rxh7 {[%clk 00:30:14]}
{[%emt 00:00:43]} Rg8 {[%clk 00:23:39]} {[%emt 00:00:35]} 43. Rxc7 {[%clk
00:29:34]} {[%emt 00:01:01]} Kxe5 {[%clk 00:23:20]} {[%emt 00:00:24]} 44. Rxa7
{[%clk 00:29:09]} {[%emt 00:00:29]} Ne4+ {[%clk 00:22:55]} {[%emt 00:00:30]}
45. Kf1 {[%emt 00:00:58]} Nc5 {[%clk 00:22:07]} {[%emt 00:00:33]} 46. b4 {[%clk
00:28:17]} {[%emt 00:00:23]} Ne6 {[%emt 00:00:25]} 47. b5 {[%emt 00:00:10]}
Rf8+ {[%clk 00:21:22]} {[%emt 00:00:17]} 48. Ke1 {[%clk 00:28:06]} {[%emt
00:00:16]} Nc5 {[%clk 00:21:08]} {[%emt 00:00:19]} 49. a4 {[%clk 00:27:48]}
{[%emt 00:00:23]} Re8 {[%clk 00:21:06]} {[%emt 00:00:06]} 50. b6 {[%clk
00:27:27]} {[%emt 00:00:24]} Rb8 {[%clk 00:20:49]} {[%emt 00:00:23]} 51. a5
{[%clk 00:27:05]} {[%emt 00:00:29]} Kd6 {[%clk 00:20:15]} {[%emt 00:00:39]} 52.
Kd1 {[%clk 00:26:28]} {[%emt 00:00:40]} Kc6 {[%emt 00:00:15]} 53. Kc2 {[%emt
00:00:14]} Kb5 {[%clk 00:19:37]} {[%emt 00:00:15]} 54. Kc3 {[%clk 00:26:13]}
{[%emt 00:00:21]} Na4+ {[%clk 00:19:18]} {[%emt 00:00:24]} 55. Kd4 {[%clk
00:25:56]} {[%emt 00:00:21]} Nc5 {[%clk 00:17:53]} {[%emt 00:01:30]} 56. Kd5
{[%clk 00:25:46]} {[%emt 00:00:15]} Na6 {[%clk 00:17:51]} {[%emt 00:00:08]} 57.
b7 {[%clk 00:25:13]} {[%emt 00:00:37]} Nc7 {[%clk 00:17:00]} {[%emt 00:00:56]}
58. Kd6 {[%clk 00:24:54]} {[%emt 00:00:24]} Na6 {[%clk 00:15:49]} {[%emt
00:01:17]} 59. Kd5 {[%clk 00:24:01]} {[%emt 00:00:55]} Nc7 {[%clk 00:12:18]}
{[%emt 00:03:39]} 60. Kd6 {[%clk 00:22:12]} {[%emt 00:01:53]} Na6 {[%clk
00:11:45]} {[%emt 00:00:38]} 61. Kd7 {[%clk 00:21:43]} {[%emt 00:00:32]} Nc5+
{[%clk 00:11:06]} {[%emt 00:00:47]} 62. Kc7 {[%clk 00:21:18]} {[%emt 00:00:30]}
Rxb7+ {[%clk 00:10:57]} {[%emt 00:00:14]} 63. Rxb7+ {[%clk 00:20:44]} {[%emt
00:00:39]} Nxb7 {[%clk 00:10:25]} {[%emt 00:00:12]} 64. Kxb7 {[%clk 00:20:44]}
{[%emt 00:00:29]} Kxa5 {[%clk 00:10:22]} {[%emt 00:00:08]} *

[Event "DVM U10 2023"]
[Site "Magdeburg GER"]
[Date "2023.12.27"]
[Round "2"]
[White "Fabritius, Wolf"]
[Black "Brückner, Julian"]
[Result "0-1"]
[Termination "normal"]
[Board "8.1"]
[WhiteElo "1043"]
[BlackElo "1592"]
[WhiteClock "00:23:54"]
[BlackClock "00:17:49"]
[WhiteTeam "SF Heidelberg"]
[BlackTeam "SV Roter Turm Halle"]
[PlyCount "58"]
[WhiteFideId "34632603"]
[BlackFideId "34630031"]
[EventCountry "GER"]
[EventRounds "7"]
[EventType "team-swiss"]
[EventDate "2023.12.27"]

1. e4 {[%clk 00:55:09]} {[%emt 00:00:01]} c5 {[%clk 00:55:05]} {[%emt
00:00:06]} 2. d4 {[%clk 00:54:55]} {[%emt 00:00:18]} cxd4 {[%clk 00:54:51]}
{[%emt 00:00:18]} 3. Qxd4 {[%clk 00:54:49]} {[%emt 00:00:11]} Nc6 {[%clk
00:54:44]} {[%emt 00:00:12]} 4. Qe3 {[%clk 00:54:34]} {[%emt 00:00:20]} e6
{[%clk 00:53:41]} {[%emt 00:01:08]} 5. Bd2 {[%clk 00:54:09]} {[%emt 00:00:30]}
Nge7 {[%clk 00:52:36]} {[%emt 00:01:10]} 6. Nc3 {[%clk 00:53:27]} {[%emt
00:00:47]} g6 {[%clk 00:51:52]} {[%emt 00:00:49]} 7. Nge2 {[%clk 00:53:07]}
{[%emt 00:00:25]} Bg7 {[%clk 00:51:32]} {[%emt 00:00:25]} 8. O-O-O {[%clk
00:52:42]} {[%emt 00:00:30]} O-O {[%clk 00:51:23]} {[%emt 00:00:14]} 9. h4
{[%clk 00:52:31]} {[%emt 00:00:16]} d5 {[%clk 00:51:02]} {[%emt 00:00:26]} 10.
exd5 {[%clk 00:50:56]} {[%emt 00:01:41]} exd5 {[%clk 00:50:04]} {[%emt
00:01:03]} 11. Qd3 {[%clk 00:48:32]} {[%emt 00:02:29]} Bf5 {[%clk 00:49:23]}
{[%emt 00:00:46]} 12. Qf3 {[%clk 00:47:48]} {[%emt 00:00:49]} d4 {[%clk
00:40:19]} {[%emt 00:09:09]} 13. g4 {[%clk 00:46:19]} {[%emt 00:01:33]} Ne5
{[%clk 00:37:56]} {[%emt 00:02:29]} 14. Qxb7 {[%clk 00:42:31]} {[%emt
00:03:53]} Bxg4 {[%clk 00:36:55]} {[%emt 00:01:06]} 15. Bg5 {[%clk 00:40:23]}
{[%emt 00:02:13]} Bf3 {[%clk 00:24:47]} {[%emt 00:12:12]} 16. Bxe7 {[%clk
00:35:48]} {[%emt 00:04:39]} Bxb7 {[%clk 00:24:13]} {[%emt 00:00:40]} 17. Bxd8
{[%clk 00:35:15]} {[%emt 00:00:38]} Bxh1 {[%clk 00:24:05]} {[%emt 00:00:14]}
18. Nxd4 {[%clk 00:33:54]} {[%emt 00:01:25]} Raxd8 {[%clk 00:23:43]} {[%emt
00:00:28]} 19. f4 {[%clk 00:31:17]} {[%emt 00:02:41]} Nc6 {[%clk 00:21:23]}
{[%emt 00:02:25]} 20. Nxc6 {[%clk 00:30:31]} {[%emt 00:00:51]} Rxd1+ {[%clk
00:21:18]} {[%emt 00:00:11]} 21. Kxd1 {[%clk 00:30:05]} {[%emt 00:00:30]} Bxc6
{[%clk 00:21:16]} {[%emt 00:00:07]} 22. Bd3 {[%clk 00:29:17]} {[%emt 00:00:54]}
Bxc3 {[%clk 00:21:02]} {[%emt 00:00:18]} 23. bxc3 {[%clk 00:29:02]} {[%emt
00:00:20]} Rd8 {[%clk 00:20:26]} {[%emt 00:00:41]} 24. Ke2 {[%clk 00:27:54]}
{[%emt 00:01:14]} Kg7 {[%clk 00:19:43]} {[%emt 00:00:47]} 25. f5 {[%clk
00:27:19]} {[%emt 00:00:40]} Rxd3 {[%clk 00:19:00]} {[%emt 00:00:47]} 26. cxd3
{[%clk 00:27:01]} {[%emt 00:00:24]} gxf5 {[%clk 00:18:53]} {[%emt 00:00:13]}
27. Kf2 {[%clk 00:25:53]} {[%emt 00:01:12]} Kf6 {[%clk 00:18:42]} {[%emt
00:00:15]} 28. Kg3 {[%clk 00:24:45]} {[%emt 00:01:13]} Ke5 {[%clk 00:18:28]}
{[%emt 00:00:20]} 29. a3 {[%clk 00:23:54]} {[%emt 00:00:56]} f4+ {[%clk
00:17:49]} {[%emt 00:00:44]} 0-1

[Event "DVM U10 2023"]
[Site "Magdeburg GER"]
[Date "2023.12.27"]
[Round "2"]
[White "Greither, Flora"]
[Black "Graf, Tom"]
[Result "0-1"]
[Termination "normal"]
[Board "8.2"]
[WhiteElo "1179"]
[BlackElo "1095"]
[WhiteClock "00:40:51"]
[BlackClock "00:40:01"]
[WhiteTeam "SV Roter Turm Halle"]
[BlackTeam "SF Heidelberg"]
[PlyCount "110"]
[WhiteFideId "533000697"]
[BlackFideId "34622420"]
[EventCountry "GER"]
[EventRounds "7"]
[EventType "team-swiss"]
[EventDate "2023.12.27"]

1. e4 {[%clk 00:55:09]} e5 {[%clk 00:55:03]} {[%emt 00:00:08]} 2. Nf3 {[%clk
00:55:09]} {[%emt 00:00:04]} Nc6 {[%clk 00:54:59]} {[%emt 00:00:09]} 3. Nc3
{[%clk 00:55:07]} {[%emt 00:00:07]} Bc5 {[%clk 00:54:40]} {[%emt 00:00:25]} 4.
Be2 {[%clk 00:54:59]} {[%emt 00:00:13]} Nf6 {[%clk 00:54:32]} {[%emt 00:00:13]}
5. h3 {[%clk 00:54:32]} {[%emt 00:00:31]} d6 {[%clk 00:54:11]} {[%emt
00:00:26]} 6. d3 {[%clk 00:54:21]} {[%emt 00:00:16]} h6 {[%clk 00:54:05]}
{[%emt 00:00:11]} 7. O-O {[%clk 00:54:10]} {[%emt 00:00:16]} O-O {[%clk
00:53:52]} {[%emt 00:00:18]} 8. Bd2 {[%clk 00:53:59]} {[%emt 00:00:16]} Nd4
{[%clk 00:53:28]} {[%emt 00:00:30]} 9. Nxd4 {[%clk 00:53:41]} {[%emt 00:00:22]}
Bxd4 {[%clk 00:53:14]} {[%emt 00:00:20]} 10. Qc1 {[%clk 00:53:31]} {[%emt
00:00:15]} Nh7 {[%clk 00:52:13]} {[%emt 00:01:05]} 11. Be3 {[%clk 00:53:05]}
{[%emt 00:00:31]} Bxc3 {[%clk 00:51:58]} {[%emt 00:00:20]} 12. bxc3 {[%clk
00:52:58]} {[%emt 00:00:12]} c6 {[%clk 00:51:34]} {[%emt 00:00:30]} 13. Rd1
{[%clk 00:52:42]} {[%emt 00:00:20]} Be6 {[%clk 00:51:05]} {[%emt 00:00:34]} 14.
d4 {[%clk 00:52:29]} {[%emt 00:00:18]} f6 {[%clk 00:50:24]} {[%emt 00:00:46]}
15. d5 {[%clk 00:52:07]} {[%emt 00:00:27]} cxd5 {[%clk 00:49:53]} {[%emt
00:00:36]} 16. exd5 {[%clk 00:52:01]} {[%emt 00:00:11]} Bf5 {[%clk 00:49:20]}
{[%emt 00:00:38]} 17. Bd3 {[%clk 00:51:45]} {[%emt 00:00:21]} Qd7 {[%clk
00:48:31]} {[%emt 00:00:54]} 18. Bxf5 {[%emt 00:01:07]} Qxf5 {[%clk 00:48:03]}
{[%emt 00:00:20]} 19. Rb1 {[%clk 00:50:35]} {[%emt 00:00:26]} b6 {[%clk
00:47:42]} {[%emt 00:00:26]} 20. Qd2 {[%clk 00:50:11]} {[%emt 00:00:29]} Ng5
{[%clk 00:46:52]} {[%emt 00:00:56]} 21. Bxg5 {[%clk 00:49:46]} {[%emt
00:00:28]} fxg5 {[%clk 00:46:14]} {[%emt 00:00:44]} 22. Rf1 {[%clk 00:49:36]}
{[%emt 00:00:15]} g4 {[%clk 00:45:50]} {[%emt 00:00:29]} 23. Qd3 {[%clk
00:48:18]} {[%emt 00:01:18]} gxh3 {[%clk 00:45:16]} {[%emt 00:00:44]} 24. Qxh3
{[%clk 00:47:59]} {[%emt 00:00:21]} Qxh3 {[%clk 00:44:52]} {[%emt 00:00:31]}
25. gxh3 {[%clk 00:47:50]} {[%emt 00:00:15]} Rf3 {[%clk 00:44:49]} {[%emt
00:00:09]} 26. Kg2 {[%clk 00:47:33]} {[%emt 00:00:21]} Rxc3 {[%clk 00:44:38]}
{[%emt 00:00:16]} 27. Rbc1 {[%clk 00:47:19]} {[%emt 00:00:19]} Rac8 {[%clk
00:44:07]} {[%emt 00:00:37]} 28. a3 {[%clk 00:46:11]} {[%emt 00:01:13]} Rxc2
{[%clk 00:43:57]} {[%emt 00:00:13]} 29. Rxc2 {[%clk 00:46:09]} {[%emt
00:00:08]} Rxc2 {[%clk 00:43:56]} {[%emt 00:00:07]} 30. Ra1 {[%clk 00:45:46]}
{[%emt 00:00:27]} Rd2 {[%clk 00:43:40]} {[%emt 00:00:21]} 31. Re1 {[%clk
00:45:09]} {[%emt 00:00:42]} Rxd5 {[%clk 00:43:35]} {[%emt 00:00:10]} 32. Kg3
{[%clk 00:44:55]} {[%emt 00:00:19]} Rd3+ {[%clk 00:43:28]} {[%emt 00:00:13]}
33. f3 {[%clk 00:44:44]} {[%emt 00:00:16]} Rxa3 {[%clk 00:43:25]} {[%emt
00:00:07]} 34. Kg4 {[%clk 00:44:25]} {[%emt 00:00:24]} Kf7 {[%clk 00:43:09]}
{[%emt 00:00:21]} 35. Rf1 {[%clk 00:44:02]} {[%emt 00:00:28]} Kg6 {[%clk
00:42:50]} {[%emt 00:00:21]} 36. f4 {[%clk 00:43:42]} {[%emt 00:00:28]} Ra4
{[%clk 00:42:27]} {[%emt 00:00:29]} 37. h4 {[%clk 00:43:22]} {[%emt 00:00:24]}
Rxf4+ {[%clk 00:42:16]} {[%emt 00:00:17]} 38. Rxf4 {[%clk 00:43:10]} {[%emt
00:00:17]} exf4 {[%clk 00:42:02]} {[%emt 00:00:19]} 39. Kxf4 {[%clk 00:43:09]}
{[%emt 00:00:05]} a5 {[%clk 00:41:56]} {[%emt 00:00:11]} 40. Ke3 {[%clk
00:43:08]} {[%emt 00:00:06]} Kh5 {[%clk 00:41:48]} {[%emt 00:00:13]} 41. Kd2
{[%clk 00:43:01]} {[%emt 00:00:12]} g5 {[%clk 00:41:44]} {[%emt 00:00:09]} 42.
hxg5 {[%clk 00:42:57]} {[%emt 00:00:08]} Kxg5 {[%clk 00:41:39]} {[%emt
00:00:10]} 43. Ke2 {[%clk 00:42:54]} {[%emt 00:00:09]} h5 {[%clk 00:41:31]}
{[%emt 00:00:13]} 44. Kf2 {[%clk 00:42:50]} {[%emt 00:00:09]} a4 {[%clk
00:41:23]} {[%emt 00:00:13]} 45. Ke2 {[%clk 00:42:38]} {[%emt 00:00:18]} a3
{[%clk 00:41:19]} {[%emt 00:00:09]} 46. Kd2 {[%clk 00:42:36]} {[%emt 00:00:06]}
a2 {[%clk 00:41:11]} {[%emt 00:00:13]} 47. Kc2 {[%clk 00:42:36]} {[%emt
00:00:05]} a1=Q {[%clk 00:41:08]} {[%emt 00:00:08]} 48. Kb3 {[%clk 00:42:29]}
{[%emt 00:00:12]} h4 {[%clk 00:40:56]} {[%emt 00:00:17]} 49. Kb4 {[%clk
00:42:15]} {[%emt 00:00:18]} h3 {[%clk 00:40:53]} {[%emt 00:00:08]} 50. Kb5
{[%clk 00:42:15]} {[%emt 00:00:06]} h2 {[%clk 00:40:51]} {[%emt 00:00:07]} 51.
Kxb6 {[%clk 00:42:10]} {[%emt 00:00:10]} h1=Q {[%clk 00:40:42]} {[%emt
00:00:13]} 52. Kc7 {[%clk 00:42:05]} {[%emt 00:00:10]} Kf6 {[%clk 00:40:18]}
{[%emt 00:00:29]} 53. Kxd6 {[%clk 00:41:43]} {[%emt 00:00:27]} Qc3 {[%clk
00:40:10]} {[%emt 00:00:14]} 54. Kd7 {[%clk 00:41:03]} {[%emt 00:00:45]} Qd5+
{[%clk 00:40:01]} {[%emt 00:00:13]} 55. Ke8 {[%clk 00:40:51]} {[%emt 00:00:17]}
Qc8# {[%emt 00:00:13]} 0-1

[Event "DVM U10 2023"]
[Site "Magdeburg GER"]
[Date "2023.12.27"]
[Round "2"]
[White "Vlad, Mark"]
[Black "Jamalli, Malak"]
[Result "1-0"]
[Termination "normal"]
[Board "8.3"]
[WhiteElo "1015"]
[BlackElo "1115"]
[WhiteClock "00:40:28"]
[BlackClock "00:25:20"]
[WhiteTeam "SF Heidelberg"]
[BlackTeam "SV Roter Turm Halle"]
[PlyCount "85"]
[WhiteFideId "34663258"]
[BlackFideId "533000689"]
[EventCountry "GER"]
[EventRounds "7"]
[EventType "team-swiss"]
[EventDate "2023.12.27"]

1. e4 {[%clk 00:55:09]} {[%emt 00:00:01]} e5 {[%clk 00:55:09]} {[%emt
00:00:02]} 2. Nf3 {[%clk 00:55:11]} {[%emt 00:00:02]} Nc6 {[%clk 00:55:09]}
{[%emt 00:00:05]} 3. Bc4 {[%clk 00:55:12]} {[%emt 00:00:04]} Nf6 {[%clk
00:54:39]} {[%emt 00:00:35]} 4. Ng5 {[%clk 00:55:10]} {[%emt 00:00:06]} d5
{[%clk 00:54:32]} {[%emt 00:00:13]} 5. exd5 {[%clk 00:54:30]} {[%emt 00:00:45]}
Nxd5 {[%clk 00:54:23]} {[%emt 00:00:13]} 6. Nxf7 {[%emt 00:00:12]} Kxf7 {[%clk
00:54:10]} {[%emt 00:00:15]} 7. Qf3+ {[%clk 00:54:25]} {[%emt 00:00:07]} Ke8
{[%clk 00:53:34]} {[%emt 00:00:40]} 8. Bxd5 {[%clk 00:54:24]} {[%emt 00:00:06]}
Ne7 {[%clk 00:50:51]} {[%emt 00:02:49]} 9. Qf7+ {[%clk 00:54:11]} {[%emt
00:00:16]} Kd7 {[%clk 00:50:42]} {[%emt 00:00:16]} 10. Be6+ {[%clk 00:53:58]}
{[%emt 00:00:17]} Kc6 {[%clk 00:50:16]} {[%emt 00:00:32]} 11. Bxc8 {[%emt
00:00:15]} Rxc8 {[%clk 00:49:51]} {[%emt 00:00:28]} 12. O-O {[%clk 00:53:47]}
{[%emt 00:00:07]} Ng6 {[%clk 00:47:37]} {[%emt 00:02:19]} 13. Nc3 {[%clk
00:53:12]} {[%emt 00:00:40]} b6 {[%clk 00:46:19]} {[%emt 00:01:23]} 14. Qf3+
{[%clk 00:52:15]} {[%emt 00:00:56]} Kd7 {[%clk 00:45:45]} {[%emt 00:00:46]} 15.
Qd3+ {[%clk 00:51:54]} {[%emt 00:00:22]} Ke8 {[%clk 00:44:50]} {[%emt
00:01:03]} 16. Qxd8+ {[%clk 00:51:37]} {[%emt 00:00:22]} Rxd8 {[%clk 00:44:43]}
{[%emt 00:00:13]} 17. d3 {[%clk 00:51:19]} {[%emt 00:00:22]} Be7 {[%clk
00:44:06]} {[%emt 00:00:43]} 18. Nb5 {[%clk 00:50:49]} {[%emt 00:00:35]} c6
{[%clk 00:43:38]} {[%emt 00:00:31]} 19. Nxa7 {[%clk 00:50:09]} {[%emt
00:00:45]} c5 {[%clk 00:42:01]} {[%emt 00:01:43]} 20. f4 {[%clk 00:49:22]}
{[%emt 00:00:52]} Rf8 {[%clk 00:41:01]} {[%emt 00:01:05]} 21. Nc6 {[%clk
00:48:41]} {[%emt 00:00:47]} Rd6 {[%clk 00:39:41]} {[%emt 00:01:25]} 22. Nxe7
{[%clk 00:47:31]} {[%emt 00:01:14]} Nxe7 {[%clk 00:39:32]} {[%emt 00:00:14]}
23. fxe5 {[%clk 00:47:16]} {[%emt 00:00:20]} Rxf1+ {[%clk 00:39:05]} {[%emt
00:00:32]} 24. Kxf1 {[%clk 00:47:15]} {[%emt 00:00:06]} Re6 {[%clk 00:38:46]}
{[%emt 00:00:24]} 25. Bf4 {[%clk 00:46:28]} {[%emt 00:00:52]} Ng6 {[%clk
00:38:19]} {[%emt 00:00:32]} 26. g3 {[%clk 00:46:20]} {[%emt 00:00:13]} Re7
{[%clk 00:36:48]} {[%emt 00:01:36]} 27. Re1 {[%clk 00:45:53]} {[%emt 00:00:33]}
Nf8 {[%clk 00:35:13]} {[%emt 00:01:40]} 28. Bg5 {[%clk 00:45:05]} {[%emt
00:00:51]} Re6 {[%clk 00:34:36]} {[%emt 00:00:43]} 29. Kg2 {[%clk 00:44:39]}
{[%emt 00:00:32]} Nd7 {[%clk 00:34:26]} {[%emt 00:00:14]} 30. Bf4 {[%clk
00:44:18]} {[%emt 00:00:26]} h6 {[%clk 00:34:18]} {[%emt 00:00:13]} 31. g4
{[%clk 00:43:59]} {[%emt 00:00:24]} Kf7 {[%clk 00:33:33]} {[%emt 00:00:50]} 32.
c3 {[%clk 00:43:36]} {[%emt 00:00:29]} g5 {[%clk 00:32:34]} {[%emt 00:01:03]}
33. Bg3 {[%clk 00:42:49]} {[%emt 00:00:53]} Kg7 {[%clk 00:30:40]} {[%emt
00:01:59]} 34. d4 {[%clk 00:42:41]} {[%emt 00:00:12]} cxd4 {[%clk 00:30:24]}
{[%emt 00:00:21]} 35. cxd4 {[%clk 00:42:37]} {[%emt 00:00:10]} Re8 {[%clk
00:29:27]} {[%emt 00:01:02]} 36. e6 {[%clk 00:42:17]} {[%emt 00:00:25]} b5
{[%clk 00:29:07]} {[%emt 00:00:25]} 37. exd7 {[%clk 00:42:08]} {[%emt
00:00:13]} Rd8 {[%clk 00:27:53]} {[%emt 00:01:20]} 38. Re7+ {[%clk 00:41:52]}
{[%emt 00:00:19]} Kf8 {[%clk 00:27:42]} {[%emt 00:00:17]} 39. Bd6 {[%clk
00:41:46]} {[%emt 00:00:11]} Rxd7 {[%clk 00:25:52]} {[%emt 00:01:55]} 40. Rxd7+
{[%clk 00:41:34]} {[%emt 00:00:18]} Ke8 {[%clk 00:25:53]} {[%emt 00:00:04]} 41.
Rb7 {[%clk 00:41:15]} {[%emt 00:00:23]} Kd8 {[%clk 00:25:28]} {[%emt 00:00:30]}
42. Rxb5 {[%clk 00:40:41]} {[%emt 00:00:39]} Kc8 {[%clk 00:25:20]} {[%emt
00:00:13]} 43. a4 {[%clk 00:40:28]} {[%emt 00:00:19]} 1-0

[Event "DVM U10 2023"]
[Site "Magdeburg GER"]
[Date "2023.12.27"]
[Round "2"]
[White "Berger, Friedrich Richard"]
[Black "Ma, Yan"]
[Result "1-0"]
[Termination "normal"]
[Board "9.1"]
[WhiteElo "1496"]
[BlackElo "1353"]
[WhiteClock "00:39:00"]
[BlackClock "00:43:48"]
[WhiteTeam "TSG Oberschöneweide"]
[BlackTeam "SV Dresden-Leuben"]
[PlyCount "45"]
[WhiteFideId "34663169"]
[EventCountry "GER"]
[EventRounds "7"]
[EventType "team-swiss"]
[EventDate "2023.12.27"]

1. e4 {[%clk 00:55:09]} e5 {[%clk 00:55:02]} {[%emt 00:00:08]} 2. Nf3 {[%clk
00:55:09]} {[%emt 00:00:05]} Nc6 {[%clk 00:54:58]} {[%emt 00:00:09]} 3. Bc4
{[%clk 00:55:11]} {[%emt 00:00:03]} Bc5 {[%clk 00:54:45]} {[%emt 00:00:18]} 4.
c3 {[%clk 00:55:11]} {[%emt 00:00:06]} Nf6 {[%clk 00:54:23]} {[%emt 00:00:27]}
5. d3 {[%clk 00:55:10]} {[%emt 00:00:05]} O-O {[%clk 00:54:18]} {[%emt
00:00:11]} 6. Bg5 {[%clk 00:54:51]} {[%emt 00:00:24]} h6 {[%clk 00:54:11]}
{[%emt 00:00:11]} 7. Bh4 {[%clk 00:54:47]} {[%emt 00:00:10]} d6 {[%clk
00:54:00]} {[%emt 00:00:15]} 8. Nbd2 {[%clk 00:54:15]} {[%emt 00:00:37]} Be6
{[%clk 00:53:48]} {[%emt 00:00:17]} 9. Bb3 {[%clk 00:54:00]} {[%emt 00:00:20]}
Re8 {[%clk 00:53:40]} {[%emt 00:00:13]} 10. Bc2 {[%clk 00:53:43]} {[%emt
00:00:22]} a5 {[%clk 00:53:05]} {[%emt 00:00:40]} 11. Nf1 {[%clk 00:53:14]}
{[%emt 00:00:33]} d5 {[%clk 00:52:43]} {[%emt 00:00:28]} 12. Qe2 {[%clk
00:52:42]} {[%emt 00:00:37]} Bb6 {[%clk 00:51:58]} {[%emt 00:00:50]} 13. h3
{[%clk 00:50:35]} {[%emt 00:02:12]} Kh8 {[%clk 00:51:12]} {[%emt 00:00:51]} 14.
g4 {[%clk 00:48:01]} {[%emt 00:02:39]} d4 {[%clk 00:50:38]} {[%emt 00:00:39]}
15. g5 {[%clk 00:46:01]} {[%emt 00:02:05]} Nh7 {[%clk 00:50:14]} {[%emt
00:00:29]} 16. gxh6 {[%clk 00:45:36]} {[%emt 00:00:30]} Qd7 {[%clk 00:49:54]}
{[%emt 00:00:26]} 17. hxg7+ {[%clk 00:44:29]} {[%emt 00:01:12]} Kg8 {[%clk
00:49:23]} {[%emt 00:00:35]} 18. Ng5 {[%clk 00:42:32]} {[%emt 00:02:02]} Nxg5
{[%clk 00:48:37]} {[%emt 00:00:51]} 19. Bxg5 {[%clk 00:42:24]} {[%emt
00:00:13]} Kxg7 {[%emt 00:03:30]} 20. Qf3 {[%clk 00:39:51]} {[%emt 00:01:49]}
dxc3 {[%clk 00:44:28]} {[%emt 00:01:39]} 21. Qf6+ {[%clk 00:39:26]} {[%emt
00:00:30]} Kg8 {[%clk 00:44:14]} {[%emt 00:00:18]} 22. Bh6 {[%clk 00:39:03]}
{[%emt 00:00:28]} cxb2 {[%clk 00:43:48]} {[%emt 00:00:31]} 23. Qg7# {[%clk
00:39:00]} {[%emt 00:00:03]} 1-0